banner-ar

GUIDE BOOK ON PERSIA / (Record no. 14882)

MARC details
000 -الفاتح
حقل البيانات ثابتة الطول 00383nam a2200157Ia 4500
008 - عناصر البيانات ثابتة الطول - معلومات عامة
حقل البيانات ثابتة الطول 140319s9999 xx 000 0 eng d
040 ## - مصدر الفهرسة
وكالة الفهرسة الأصلية GCL /
وكالة النسخ GCL
082 04 - رقم تصنيف ديوى العشرى
رقم التصنيف 915.02455
رقم المادة E G
100 1# - المدخل الرئيسى - إسم شخصى
الإسم الشخصى EBTEHAJ, G.H
245 10 - بيان العنوان
العنوان GUIDE BOOK ON PERSIA /
بيان المسئوليه,etc EBTEHAJ, G.H
300 ## - الوصف المادى
التعداد 293 P
650 04 - المدخل الاضافى بالموضوع-مصطلح موضوعى
مصطلح موضوعي IRAN - GUIDE BOOK
942 ## - عناصر المدخل الإضافي( كوها)
مصدر التصنيف او مخطط الترفيف Dewey Decimal Classification
Koha [default] item type كتاب
260 ## - PUBLICATION, DISTRIBUTION, ETC. (IMPRINT)
-- [S.N] :
-- PARLIAMENT
Holdings
حالة التراجع حالة الفقد حالة تلف ليس للاعارة المكان المؤقت الموقع الحالى تاريخ الاكتساب اجمالي اﻻعارات رقم الطلب الباركود تاريخ اخر مشاهدة تاريخ تفعيل السعر نوع وعاء كوها
        مكتبة القاهرة الكبرى مكتبة القاهرة الكبرى 03/26/2014   915.02455\E G 27808 03/26/2014 03/26/2014 كتاب

Powered By

EGPV